| 000 | 01182nas a2200325 4500 | ||
|---|---|---|---|
| 001 | BR2013002845 | ||
| 003 | BR-BrBNA | ||
| 005 | 20231205122200.0 | ||
| 007 | ta | ||
| 008 | 230509b bl.|||p| |||| 00| 00por d | ||
| 040 |
_aBR-BrBNA _bpor _cBiblioteca Nacional de Agricultura |
||
| 041 | _a(Pt) | ||
| 072 | _aF06 | ||
| 100 | 1 | _aMacedo, A.B.M. | |
| 100 | 1 | _aGomes Filho, R.R. | |
| 100 | 1 | _aLima, S.C.R.V. | |
| 100 | 1 | _aValnir Júnior, M. | |
| 100 | 1 | _aCavalcante Júnior, J.A.H. | |
| 100 | 1 | _aAraújo, H.F. de | |
| 245 | 1 | _aDesempenho hidráulico de um sistema de irrigação por microaspersão utilizando dois tipos de emissores | |
| 246 | 1 | _aHydraulic performance of a system of irrigated by microsprinkler using two types of emitters | |
| 650 | _aIRRIGAÇÃO POR ASPERSÃO | ||
| 650 | _aMICROASPERSÃO | ||
| 650 | _aDEFICIÊNCIA HÍDRICA | ||
| 650 | _aMAMÃO | ||
| 773 | 0 |
_tRevista Brasileira de Agricultura Irrigada (Brazil) _xISSN 1982-7679 _g(2010), v. 4(2) p. 82-86 _wBR2013002845 |
|
| 856 | 4 | 0 | _uhttp://www.inovagri.com.br/wp-content/uploads/2010/07/v.4-n.2-p.82-86_Macedo_et_al.22.pdf |
| 909 |
_a202311 _bLúcia _c55 _dLúcia Elande |
||
| 942 |
_2AGRIS _n0 _cANA |
||
| 999 |
_c227332 _d227332 |
||